000 01654nam0a2200373 4500
001 RU\NLR\bibl\1417357
005 20260408192435.0
010 _a978-5-93094-265-1
_95000
021 _aRU
_b2009-59363
_93666
035 _a(NLR Aleph) 001409314
090 _a1272224
_c1272224
100 _a20090717d2009 |||y0rusy50 ca
101 0 _arus
102 _aRU
105 _ay z |||||
200 1 _aПосреднические договоры
_fВ. В. Семенихин
210 _aМосква
_cНалоговый вестник
_d2009
215 _a287 с.
_d21
225 1 _aБухгалтерский учет в целях налогообложения
606 1 _aПосреднические услуги
_xДоговоры
_xБухгалтерский учет
_yРоссийская Федерация
_92160560
_3RU\NLR\auth\661300291
606 1 _aПосреднические услуги
_xДоговоры
_xПравовые вопросы
_yРоссийская Федерация
_92197816
_3RU\NLR\auth\661320848
606 _aПосреднические услуги
_xДоговоры
_xНалоговое обложение
_yРоссийская Федерация
_3RU\NLR\auth\661300292
_92160561
610 0 _aпосреднический договор
686 _aХ623.211.8,07
_2rubbk
686 _aУ052.9(2)2-14
686 _aУ26(2)141.3
686 _aХ623.211.8
700 1 _aСеменихин
_bВ. В.
_gВиталий Викторович
_4070
801 0 _aRU
_bРКП
_c20090717
_grcr
801 1 _aRU
_bРГБ
_c20090717
801 2 _aRU
_bNLR
_c20090928
_grcr
942 _cBOOK
980 _aNB